| 000 | 01545nam a2200265 a 4500 | ||
|---|---|---|---|
| 001 | 79398) | ||
| 003 | BD-RjUL | ||
| 005 | 20220216114427.0 | ||
| 008 | 220219m19341972ua h b 001 0cara d | ||
| 035 | _a(BD-RjUL)79398 | ||
| 040 |
_aDLC _cKUK _dNBiSU _dWaOLN _dUaCaAUL _dUkOxU _beng |
||
| 041 | _aara | ||
| 082 |
_223 _a962.024 _bMAK 1934-72 |
||
| 100 | 1 |
_aمقريزى، أحمد ابن علي.;; Maqrīzī, Aḥmad ibn ʿAlī, _d1364-1442. _91389 |
|
| 245 | 1 | 0 |
_aكتاب السلوك لمعرفة دول الملوك / ;; Kitāb al-Sulūk li-maʿrifat duwal al-mulūk / _cلتقى الدين أحمد ابن على المقريزى ؛ صححه ووضع حواشيه محمد مصطفى زيادة. ;; li-taqī al-Dīn Aḥmad Ibn ʿAlī al-Maqrīzī ; ṣaḥḥaḥahu wa-waḍaʿa ḥawāshihi Muḥammad Muṣṭafá Ziyādah. _bسلوك لمعرفة دول الملوك ;; Sulūk li-maʿrifat duwal al-mulūk |
| 246 | 1 | 5 | _aChronicle of Aḥmad ibn ʿAli al-Maḳrīzī, entitled Kitab al-Sulūk li-maʿrifat duwal al-mulūk |
| 260 |
_aal-Qāhirah ;; القاهرة : _bMaṭbaʿat Lajnat al-Taʼlīf wa-al-Tarjamah wa-al-Nashr, _c1934-1972 |
||
| 300 |
_a4 v. in 9 : _bfacsims. ; _c29 cm. |
||
| 500 | _aAt head of title: Lajnat al-Taʼlif wa-al-Tarjamah wa-al-Nashr. | ||
| 504 | _aIncludes bibliographical references and indexes. | ||
| 505 | _aVol. 1.pt.1.--v.1.pt.2.--v.1.pt.3.--v.2.pt.1-2.-- | ||
| 650 | 0 |
_aMamelukes. _91390 |
|
| 700 | 1 |
_aزيادة، محمد مصطفى.;; Ziyādah, Muḥammad Muṣṭafá. _91391 |
|
| 942 |
_2ddc _cBK |
||
| 999 |
_c79398 _d79398 |
||